000 00320nam a2200109Ia 4500
008 231129s2015 xx 000 0 und d
041 _aeng
100 _aBrandon eley
245 _aThe Art & Science of online marketing
250 _a2015 Ed
260 _aShroff Publishers Ltd. Mumbai
_bShroff Publishers Ltd. Mumbai
_c2015
999 _c941556
_d941556